Statistics for 2015 NASCAR Sprint Cup Series Drivers

Click here to take the quiz!

General Stats

  • This quiz has been taken 27 times
  • The average score is 34 of 46

Answer Stats

#TeamAnswer% Correct
5Hendrick MotorsportsKasey Kahne
100%
41Stewart-Haas RacingKurt Busch
100%
18Joe Gibbs RacingKyle Busch
100%
20Joe Gibbs RacingMatt Kenseth
100%
3Richard Childress RacingAustin Dillon
92%
88Hendrick MotorsportsDale Earnhardt Jr
92%
16Roush Fenway RacingGreg Biffle
92%
42Chip Ganassi RacingKyle Larson
92%
21*Wood Brothers RacingRyan Blaney
92%
14Stewart-Haas RacingTony Stewart
92%
43Richard Petty MotorsportsAric Almirola
83%
2Team PenskeBrad Keselowski
83%
19Joe Gibbs RacingCarl Edwards
83%
13Germain RacingCasey Mears
83%
11Joe Gibbs RacingDenny Hamlin
83%
1Chip Ganassi RacingJamie McMurray
83%
24Hendrick MotorsportsJeff Gordon
83%
48Hendrick MotorsportsJimmie Johnson
83%
22Team PenskeJoey Logano
83%
4Stewart-Haas RacingKevin Harvick
83%
78Furniture Row RacingMartin Truex Jr
83%
46HScott MotorsportsMichael Annett
83%
95*Leavine Family RacingMichael McDowell
83%
47JTG DaughteryAJ Allmendinger
75%
15Michael Waltrip RacingClint Bowyer
75%
10Stewart-Haas RacingDanica Patrick
75%
40Circle SportLandon Cassill
75%
27Richard Childress RacingPaul Menard
75%
17Roush Fenway RacingRicky Stenhouse Jr
75%
31Richard Childress RacingRyan Newman
75%
6Roush Fenway RacingTrevor Bayne
75%
7Tommy Baldwin RacingAlex Bowman
67%
38Front Row MotorsportsDavid Gilliland
67%
55Michael Waltrip RacingDavid Ragan
67%
83*BK RacingMatt DiBenedetto
58%
9Richard Petty MotorsportsSam Hornish Jr
58%
62*Beard-Oil MotorsportsBrendan Gaughan
50%
35Front Row MotorsportsCole Whitt
50%
23BK RacingJJ Yeley
50%
98Phil Parsons RacingJosh Wise
50%
51HScott MotorsportsJustin Allgaier
50%
32*Go Fas RacingBobby Labonte
42%
26BK RacingJeb Burton
42%
33*Circle SportAlex Kennedy
33%
34Front Row MotorsportsBrett Moffitt
33%
30*Circle SportTravis Kvapil
25%

Score Distribution

Percentile by Number Answered

Percent of People with Each Score

Your Score History

You have not taken this quiz